[Event "C.to Sociale"]
[Site "Robecchetto con Induno ITA"]
[Date "2013.01.17"]
[Round "6"]
[White "Minore, Antonino"]
[Black "Zanin, Armando"]
[WhiteElo "1295"]
[BlackElo "1700"]
[Result "1/2-1/2"]
[PlyCount "102"]
[EventDate "2012.12.06"]

1. d4 d5 2. c4 e6 3. Nc3 Nf6 4. cxd5 exd5 5. Bf4 Bd6 6. Bg5 c6 7. e3 O-O 8. Nf3
Bg4 9. Be2 Qb6 10. Bxf6 gxf6 11. Qc2 Bh5 12. Bd3 Bg6 13. b3 Qc7 14. h4 Bb4 15.
Ke2 Bxc3 16. Qxc3 Nd7 17. Rh3 Bxd3+ 18. Qxd3 Kh8 19. Qf5 Rg8 20. g4 Qd6 21. g5
Qe6 22. Qxe6 fxe6 23. Rg1 h6 24. g6 Kg7 25. h5 Rae8 26. b4 Ra8 27. Rh4 a5 28.
Rb1 Rgb8 29. e4 axb4 30. e5 f5 31. Rxb4 Rxa2+ 32. Kf1 b6 33. Kg2 Rba8 34. Rb1
R8a4 35. Rf1 c5 36. dxc5 Rxh4 37. Nxh4 bxc5 38. Rb1 Ra7 39. f4 Rc7 40. Nf3 Kf8
41. Kh3 d4 42. Rg1 Nb6 43. Rb1 Nd5 44. Rb8+ Kg7 45. Kg3 d3 46. Rd8 c4 47. Rd6
Re7 48. Nd4 d2 49. Nxe6+ Rxe6 50. Rxd5 c3 51. Kf2 c2 1/2-1/2

[Event "C.to Sociale"]
[Site "Robecchetto con Induno ITA"]
[Date "2013.01.17"]
[Round "6"]
[White "Santarelli, Sabatino"]
[Black "Ottolini, Graziano"]
[WhiteElo "1604"]
[BlackElo "2013"]
[Result "0-1"]
[PlyCount "68"]
[EventDate "2012.12.06"]

1. Nf3 d5 2. d4 c5 3. c4 cxd4 4. Qxd4 Nf6 5. cxd5 Qxd5 6. Nc3 Qxd4 7. Nxd4 a6
8. h3 e5 9. Nf3 Nc6 10. a3 Bf5 11. g4 Bg6 12. Bg2 Be7 13. O-O O-O 14. Be3 Rac8
15. Rac1 Rfe8 16. Nd2 Red8 17. Nde4 Nxe4 18. Nxe4 Nd4 19. Nc3 Rxc3 20. Rxc3
Nxe2+ 21. Kh2 Nxc3 22. bxc3 e4 23. Rb1 b5 24. Ra1 Bf6 25. Rc1 h6 26. c4 Bb2 27.
Rc2 Bxa3 28. cxb5 axb5 29. h4 b4 30. h5 Bh7 31. Rc4 b3 32. Rc3 b2 33. Rb3 Bd6+
34. Kh3 Rb8 0-1

[Event "C.to Sociale"]
[Site "Robecchetto con Induno ITA"]
[Date "2013.01.17"]
[Round "6"]
[White "Trenti, Alessandro"]
[Black "Volpe, Antonio"]
[WhiteElo "1768"]
[BlackElo "1727"]
[Result "1-0"]
[PlyCount "67"]
[EventDate "2012.12.06"]

1. e4 g6 2. d4 Bg7 3. Be3 d6 4. Nf3 h6 5. Nc3 a6 6. Qd2 e6 7. O-O-O Nd7 8. Bc4
Ne7 9. Kb1 b5 10. Bb3 Bb7 11. a3 g5 12. h4 g4 13. Nh2 h5 14. f3 g3 15. Nf1 Ng6
16. Nxg3 Nxh4 17. Bg5 Bf6 18. f4 Bxg5 19. fxg5 Nxg2 20. Qxg2 Qxg5 21. Qf3 h4
22. Rdg1 O-O-O 23. Nf5 Qf6 24. Nxh4 Rxh4 25. Qxf6 Rxh1 26. Qxd8+ Kxd8 27. Rxh1
Nf6 28. d5 a5 29. Rh8+ Ke7 30. Rb8 Ba6 31. dxe6 fxe6 32. Nxb5 Kd7 33. Nc3 Ng4
34. Ra8 1-0